000 00963nas a2200289 4500
001 BR9206118
003 BR-BrBNA
005 20231205092906.0
007 ta
008 230509b bl.|||p| |||| 00| 00por d
040 _aBR-BrBNA
_bpor
_cBiblioteca Nacional de Agricultura
041 _a(Pt)
072 _aP35
100 1 _aMilan, P.A.
100 1 _aRitter, W.
100 1 _aDall'Agnol, M.
245 1 _aSelecao de leguminosas forrageiras tolerantes a aluminio e eficientes na utilizacao de fosforo. 2: leguminosas exoticas
246 1 _aSelection of pasture legumes tolerant to aluminium and efficient in phosphorus uptake. 2: exotic legumes
650 _aTREVO
650 _aCORNICHAO
650 _aCALCARIO
650 _aALUMINIO
650 _aFOSFORO
773 0 _tPesquisa Agropecuaria Brasileira (Brazil)
_xISSN 0100-204X
_g(Dec 1990), v. 25(12) p. 1739-1746
_wBR9206118
909 _a202311
_bLúcia
_c55
_dLúcia Elande
942 _2AGRIS
_n0
_cANA
999 _c134921
_d134921